000 00396nam a2200145Ia 4500
008 220216s9999 xx 000 0 und d
100 _aSingh Ratan
245 0 _aSubstitution of plasticizers in NBR vulcanizate with cashew nut shell oil
260 _bRubber World
_c2011
300 _a20-25
650 _aNBR vulcanizate
650 _aPlasticizers
700 _aBhattacharya P S
942 _cJS
999 _c69902
_d69902